| 000 | 00780nam a2200289Ia 4500 | ||
|---|---|---|---|
| 001 | 3206 | ||
| 005 | 20240113233618.0 | ||
| 007 | ta | ||
| 008 | 050409s1995 a g b000 u eng u | ||
| 020 | _cHB | ||
| 040 | _aCotton College,Assam | ||
| 041 | _aeng | ||
| 082 |
_a540 _bCh 457 Hi |
||
| 100 | _aChowdhury,, Kamalesh . | ||
| 245 | 0 |
_aHigher Secondary Chemistry: Part I / _cKamalesh Chowdhury & Satyendra Kr. Chowdhury. _hTextual Documents |
|
| 250 | _a1st ed. / | ||
| 260 |
_aAssam : _bOxford University Press , _c1995. |
||
| 300 |
_a391p. : _bill ; _c23 cm . |
||
| 653 | _aChemistry | ||
| 653 | _aG-Chemistry | ||
| 700 | _aChowdhury, Satyendra Kr. . | ||
| 942 |
_2ddc _cBK |
||
| 999 |
_c3194 _d3194 |
||